01796cam a22004574i 4500003000900000005001700009008004100026020001500067035002700082040003300109049000900142082002200151100003100173245006200204264007100266300005500337336002100392337002500413338002300438505019200461526001000653526001000663526001000673526001000683526000800693526000800701526000800709526000800717526000800725526000800733526000800741650004100749910001800790942001400808949012900822994001400951596000600965999015500971980005501126952015701181PE-LiUPU20250731173506.0150616s r 000 0 d a080280618X a(Sirsi) i9780802806185 aPE-LiUPUbspacPE-LiUPUerda aPRUA04a291.0973bG292211 aGaustad, Edwin S.,eautor.12aA Documentary History of Religion in America; Since 1865. 1aGrand Rapids, Michigan :bW.B. Eerdmans Publishing Company,c1993. a651 páginas :bIlustraciones ;c23 centímetros atext2rdacontent aunmediated2rdamedia avolume2rdacarrier0 aReconstructions and reaffirmations -- Religion and society engaged -- Worlds within and beyond -- Religion and the life of the mind -- Consensus and conflict -- E Puribus..Unum? religion. aSEG42 aSEG41 aSEG40 aSEG39 aP94 aP87 aP86 aP85 aP77 aP76 aP3504aESTADOS UNIDOS - RELIGION - FUENTES. ajckbjvqcjck 2ddccBOOK a291.0973 G29wDEWEYc1i40492lCCODEBUL1mBULr0sYtBOOKu2015-6-16xTEOLOGIAzUNKNOWN0COMPRAo.STAFF. Colección General aC0bPEPRU a1 a291.0973 G29wDEWEYc58284i40492f2021-11-11g4lCCODEBUL1mBULr0sYtBOOKu2015-6-16xTEOLOGIAzUNKNOWN0COMPRAo.STAFF. Colección Generald58284 81gALBERTO SANCHEZ Responsable de Automatización r2025-12-02 00:00:00i5l0o291.0973 G29p40492te1w2015-06-16xPGyBKzinventario-2023-12-13102ddc50708GENfP94aBULbBULcGENd2015-06-16eCOMPRA